000 00342nam a22001577a 4500
003 OSt
020 _a9789388706407
082 _a615.1 ARP
100 _aArora , Mandeep Kumar
245 _aPractical book of Pharmacology-1
250 _a2019
260 _aNew Delhi
_bNirali
300 _aPg-65
650 _aPharmacology
942 _2ddc
_cBK
999 _c9019
_d9019